000 00741nam a2200217Ia 4500
003 GCL
008 140319s9999 xx 000 0 ara d
040 _aGCL /
_cGCL
082 0 4 _a782.1
_bب ا
100 1 _aسمحة الخولى
245 1 0 _aاوبرا لا ترافياتا(الترجمة الكاملة) عن غادة الكاميليا /
_cسمحة الخولى
700 1 _aبيافى، فراتشيسكو ماريا
700 1 _aمدحت صادق
260 _a[S.N] :
_bهيئة المركز الثقافى القومى-دار الاوبرا ا ،
_c1993
300 _a55 ص
490 _a
650 0 4 _aالمسرحيات
650 0 4 _aالاوبرا
650 0 4 _aالاعمال الموسيقية
942 _2ddc
_cBK
999 _c36082
_d36082